00342nam a2200157Ia 4500003000900000008004100009040001300050040001300063041000800076100002400084245003700108250000900145260001300154300001000167490000700177IT-RoPAU120407s9999 xx 000 0 und d aIT-RoPAU cIT-RoPAU aita aM. Giuseppe Besutti a"Bibliografia mariana 1978-1984" aRoma aMarianum c24 cm v88